000 00626nam a22002297a 4500
003 UA-OsUOA
001 32371
007 ta
008 20050201b un ||||| |||| 00| 0 ukr d
090 _a821(100)
_bК47
942 _cBK
040 _aUA-OsUOA
_brus
_cUA-OsUOA
_dUA-OsUOA
245 _aКлассическая драма Востока
_bИндия. Китай. Япония
300 _a880 с.
_bІлюстрації
955 _a0
041 _arus
080 _a821(100)
260 _aМосква
_bХудожественная литература
_c1976
044 _aRU
650 7 _2UDC
999 _c318813
_d318813